[Event "I Open FIDE"]
[Site "Forli' ITA"]
[Date "1988.06.18"]
[Round "1"]
[White "Braga, Fernando Alberto"]
[Black "Vezzosi, Paolo"]
[WhiteElo "2425"]
[BlackElo "2270"]
[Result "1/2-1/2"]
[PlyCount "63"]
[EventDate "1988.06.18"]

1. d4 Nf6 2. c4 e6 3. Nf3 d5 4. Nc3 Bb4 5. Qa4+ Nc6 6. Bg5 h6 7. Bxf6 Qxf6 8.
e3 O-O 9. Rc1 dxc4 10. Bxc4 Bd7 11. O-O Rfc8 12. Qc2 Bd6 13. Rfd1 Be8 14. a3
Ne7 15. e4 Bf4 16. e5 Qg6 17. Bd3 Qh5 18. Ne2 Nd5 19. Be4 Bb5 20. Ng3 Bxg3 21.
fxg3 Bc6 22. Re1 Ne7 23. Bxc6 Nxc6 24. h3 Ne7 25. Re4 Qg6 26. Kh2 Nd5 27. Qe2
Rd8 28. Ne1 Qg5 29. Nd3 Rac8 30. Re1 b6 31. Qf2 Rd7 32. Rg4 1/2-1/2

[Event "I Open FIDE"]
[Site "Forli' ITA"]
[Date "1988.06.18"]
[Round "1"]
[White "Delanoy, Arnaud"]
[Black "Ljubisavljevic, Zivojin Z."]
[WhiteElo "2215"]
[BlackElo "2365"]
[Result "0-1"]
[PlyCount "86"]
[EventDate "1988.06.18"]

1. e4 e6 2. d4 d5 3. Nc3 Bb4 4. e5 c5 5. a3 Bxc3+ 6. bxc3 Qc7 7. Qg4 f5 8. Qg3
g6 9. h4 cxd4 10. h5 g5 11. Bxg5 Qxc3+ 12. Qxc3 dxc3 13. Rh3 Nc6 14. Rxc3 Bd7
15. Nf3 Nge7 16. Rb1 b6 17. Bb5 Rg8 18. g3 Rc8 19. Kd2 Na5 20. Rxc8+ Nxc8 21.
Be2 Ne7 22. Bf4 Nc4+ 23. Bxc4 dxc4 24. Ng5 Rh8 25. Nf3 Nd5 26. Rg1 Rg8 27. Bg5
c3+ 28. Kd1 Bc6 29. Nd4 Rxg5 30. Nxc6 Rg4 31. Nxa7 Rd4+ 32. Kc1 Re4 33. Kd1 Kd7
34. Nb5 Kc6 35. Nd6 Rd4+ 36. Kc1 Ra4 37. Kb1 Rxa3 38. g4 Ra4 39. g5 Rb4+ 40.
Ka2 Rb2+ 41. Ka3 Nb4 42. Rg3 Nxc2+ 43. Ka4 Rb4# 0-1

[Event "I Open FIDE"]
[Site "Forli' ITA"]
[Date "1988.06.18"]
[Round "1"]
[White "Drei, Andrea"]
[Black "Mantovani, Renzo"]
[WhiteElo "2235"]
[BlackElo "2410"]
[Result "1-0"]
[PlyCount "69"]
[EventDate "1988.06.18"]

1. e4 c5 2. Nf3 d6 3. d4 cxd4 4. Nxd4 Nf6 5. Nc3 a6 6. Bd3 e5 7. Nb3 Be7 8. Be2
O-O 9. f4 exf4 10. Bxf4 Nc6 11. Qd2 Be6 12. O-O-O Ne5 13. Rhg1 Rc8 14. g4 Re8
15. g5 Nfd7 16. Nd5 Bf8 17. h4 Bxd5 18. exd5 g6 19. h5 Bg7 20. hxg6 hxg6 21.
Rh1 Nb6 22. c3 Qd7 23. Rdf1 Qa4 24. Bxe5 Rxe5 25. Bd3 Qe8 26. Qh2 Rxg5 27. Bxg6
Rc7 28. Bh7+ Kf8 29. Qxd6+ Qe7 30. Qxb6 Rg2 31. Bd3 Qg5+ 32. Kb1 Rd7 33. Nc5
Rxd5 34. Ne6+ Kg8 35. Nxg5 1-0

[Event "I Open FIDE"]
[Site "Forli' ITA"]
[Date "1988.06.18"]
[Round "1"]
[White "Garcia Palermo, Carlos Horacio"]
[Black "Kagan, Naum"]
[WhiteElo "2505"]
[BlackElo "2300"]
[Result "1-0"]
[PlyCount "113"]
[EventDate "1988.06.18"]

1. d4 d5 2. c4 e6 3. Nc3 c6 4. cxd5 exd5 5. Qc2 Nf6 6. Bg5 Be7 7. e3 O-O 8. Bd3
Nbd7 9. Nf3 Re8 10. O-O Nf8 11. a3 Ne4 12. Bxe7 Qxe7 13. Bxe4 dxe4 14. Nd2 f5
15. Rae1 Be6 16. f3 exf3 17. Nxf3 Rad8 18. e4 fxe4 19. Rxe4 Nd7 20. Rfe1 Nf8
21. Qa4 a6 22. Qa5 Qd7 23. Qb6 Qc8 24. h3 Nd7 25. Qa5 b6 26. Qa4 Nf6 27. Re5 h6
28. Qc2 Bf7 29. b4 Bd5 30. Nxd5 cxd5 31. Qg6 Qd7 32. Rc1 Rc8 33. Rxe8+ Qxe8 34.
Qxe8+ Rxe8 35. Ne5 Rb8 36. a4 Rb7 37. Rc8+ Kh7 38. Kf2 a5 39. b5 Nd7 40. Ke3
Nf6 41. Kf4 Ne4 42. h4 g5+ 43. hxg5 Nxg5 44. Kf5 Rg7 45. Rc6 Ne4 46. g4 Re7 47.
Rxb6 Nc3 48. Ra6 Nxa4 49. Rxa5 Nb6 50. Ra6 Nc8 51. Rf6 Kg7 52. Rc6 Na7 53. Rg6+
Kh7 54. Rb6 Nc8 55. Rc6 Na7 56. Rc5 Rb7 57. b6 1-0

[Event "I Open FIDE"]
[Site "Forli' ITA"]
[Date "1988.06.18"]
[Round "1"]
[White "Pantaleoni, Claudio"]
[Black "Lanzani, Mario"]
[WhiteElo "2235"]
[BlackElo "2375"]
[Result "1/2-1/2"]
[PlyCount "30"]
[EventDate "1988.06.18"]

1. c4 e6 2. Nf3 Nf6 3. g3 d5 4. b3 b6 5. Bg2 Bb7 6. O-O Be7 7. Bb2 O-O 8. e3
Nbd7 9. Qe2 a5 10. Nc3 Ne4 11. cxd5 exd5 12. d3 Nxc3 13. Bxc3 Bf6 14. Qb2 c5
15. a4 Qe7 1/2-1/2

[Event "I Open FIDE"]
[Site "Forli' ITA"]
[Date "1988.06.18"]
[Round "1"]
[White "Passerotti, Pierluigi"]
[Black "Magalotti, Andrea"]
[WhiteElo "2350"]
[BlackElo "2205"]
[Result "1-0"]
[PlyCount "103"]
[EventDate "1988.06.18"]

1. Nf3 Nf6 2. c4 c5 3. Nc3 Nc6 4. d4 cxd4 5. Nxd4 g6 6. e4 Bg7 7. Be3 Ng4 8.
Qxg4 Nxd4 9. Qd1 Ne6 10. Rc1 d6 11. Bd3 O-O 12. O-O Bd7 13. Qd2 a6 14. Nd5 Nc5
15. Bb1 b5 16. b4 Na4 17. c5 dxc5 18. bxc5 Bc6 19. Bg5 f6 20. Be3 e6 21. Nb4
Qxd2 22. Bxd2 Rfc8 23. Be3 Nb2 24. Bd4 Nc4 25. Bd3 e5 26. Nxc6 Rxc6 27. Bxc4+
bxc4 28. Be3 Rb8 29. Rxc4 Kf7 30. f4 Bh6 31. g3 Rb2 32. Rf2 Rb1+ 33. Kg2 Re1
34. Kf3 exf4 35. gxf4 Rd1 36. Ke2 Rd7 37. Rf1 Rdc7 38. Rfc1 f5 39. exf5 gxf5
40. Kf3 Bf8 41. Bd4 Ke6 42. Re1+ Kd5 43. Ra4 Re7 44. Rd1 Re4 45. Be3+ Ke6 46.
Rxe4+ fxe4+ 47. Kxe4 Bxc5 48. f5+ Ke7 49. Rc1 Kd6 50. Rxc5 Rxc5 51. Bxc5+ Kxc5
52. Ke5 1-0

[Event "I Open FIDE"]
[Site "Forli' ITA"]
[Date "1988.06.18"]
[Round "1"]
[White "Rossi, Carlo"]
[Black "Strikovic, Aleksa"]
[WhiteElo "2285"]
[BlackElo "2450"]
[Result "0-1"]
[PlyCount "56"]
[EventDate "1988.06.18"]

1. e4 c5 2. Nf3 e6 3. b4 cxb4 4. a3 d5 5. e5 Nc6 6. axb4 Bxb4 7. c3 Be7 8. d4
f6 9. Bd3 fxe5 10. dxe5 Nh6 11. Bxh6 gxh6 12. Nd4 Nxe5 13. Bb5+ Kf8 14. f4 Ng6
15. f5 exf5 16. O-O Kg7 17. Rxf5 Rf8 18. Rxf8 Qxf8 19. Ra2 Bc5 20. Rf2 Qe7 21.
Qf3 Bxd4 22. cxd4 Be6 23. Re2 Rf8 24. Qg3 Qb4 25. Bd3 Bf5 26. Bxf5 Rxf5 27. Nd2
Rf4 28. Nf3 Re4 0-1

[Event "I Open FIDE"]
[Site "Forli' ITA"]
[Date "1988.06.18"]
[Round "1"]
[White "Sapi, Laszlo"]
[Black "Wagman, Stuart"]
[WhiteElo "2370"]
[BlackElo "2230"]
[Result "1/2-1/2"]
[PlyCount "63"]
[EventDate "1988.06.18"]

1. d4 d5 2. c4 e6 3. Nf3 Nf6 4. Nc3 Be7 5. Bg5 h6 6. Bh4 O-O 7. e3 b6 8. Rc1
Bb7 9. Be2 Nbd7 10. O-O c5 11. cxd5 Nxd5 12. Bg3 a6 13. Nxd5 Bxd5 14. Bc4 Bxc4
15. Rxc4 b5 16. Rc2 Rc8 17. dxc5 Nxc5 18. Qxd8 Rfxd8 19. Rfc1 Ra8 20. Ne5 Nd3
21. Nxd3 Rxd3 22. Be5 Rad8 23. Kf1 Bf6 24. Bxf6 gxf6 25. Rc8 Rd1+ 26. Ke2 R1d2+
27. Ke1 Rd1+ 28. Ke2 R1d2+ 29. Kf3 Rxc8 30. Rxc8+ Kg7 31. Ra8 Rxb2 32. Rxa6
1/2-1/2

[Event "I Open FIDE"]
[Site "Forli' ITA"]
[Date "1988.06.18"]
[Round "1"]
[White "Semkov, Semko"]
[Black "De Eccher, Stefano"]
[WhiteElo "2470"]
[BlackElo "2290"]
[Result "1/2-1/2"]
[PlyCount "87"]
[EventDate "1988.06.18"]

1. d4 Nf6 2. c4 e6 3. Nc3 Bb4 4. e3 b6 5. Bd3 Bb7 6. Nf3 Ne4 7. O-O Bxc3 8.
bxc3 f5 9. Ne1 O-O 10. f3 Nf6 11. Qe2 d6 12. e4 fxe4 13. fxe4 c5 14. Nf3 Qe8
15. Bf4 e5 16. dxe5 Nh5 17. Bg5 h6 18. Bd2 dxe5 19. Nxe5 Qxe5 20. Rxf8+ Kxf8
21. Rf1+ Nf6 22. Rf5 Qe7 23. e5 Nbd7 24. exf6 Nxf6 25. Re5 Qf7 26. Bf5 Rd8 27.
Be1 Qh5 28. g4 Qf7 29. Bh4 Ba6 30. Be6 Qg6 31. Bf5 Qf7 32. Be6 Qg6 33. Bxf6
gxf6 34. Re4 Re8 35. Bf5 Qf7 36. Qd2 Rxe4 37. Bxe4 Bxc4 38. Qxh6+ Ke7 39. Bf5
Bxa2 40. Qe3+ Kf8 41. h4 Qe7 42. Qh6+ Kg8 43. Qg6+ Kf8 44. Qh6+ 1/2-1/2

[Event "I Open FIDE"]
[Site "Forli' ITA"]
[Date "1988.06.18"]
[Round "1"]
[White "Tatai, Stefano"]
[Black "Laco, Giuseppe"]
[WhiteElo "2380"]
[BlackElo "2235"]
[Result "0-1"]
[PlyCount "84"]
[EventDate "1988.06.18"]

1. d4 g6 2. c4 Bg7 3. Nc3 c5 4. d5 f5 5. Nf3 Bxc3+ 6. bxc3 Nf6 7. Bh6 Qa5 8.
Qc2 d6 9. e3 Nbd7 10. Be2 Rg8 11. h4 Ne4 12. Rc1 Ndf6 13. Ng5 Bd7 14. Nxe4 Nxe4
15. Bd3 Qa3 16. Bxe4 fxe4 17. O-O Qa6 18. Qxe4 Qxa2 19. Qd3 Qa5 20. e4 Qc7 21.
Rfe1 O-O-O 22. Qg3 g5 23. hxg5 e5 24. dxe6 Bxe6 25. e5 Rg6 26. exd6 Qxd6 27.
Qxd6 Rxd6 28. Re5 b6 29. f4 Bxc4 30. f5 Rg8 31. f6 Rgd8 32. Kh2 Rd1 33. Rc2 Bf7
34. Rb2 R1d3 35. Rbe2 R8d7 36. Re7 a5 37. Rb2 Kc7 38. g6 hxg6 39. Bf4+ Kc6 40.
Re1 a4 41. Ra1 b5 42. Be5 Re3 0-1

[Event "I Open FIDE"]
[Site "Forli' ITA"]
[Date "1988.06.18"]
[Round "1"]
[White "Topalov, Veselin"]
[Black "Meduna, Eduard"]
[WhiteElo "2300"]
[BlackElo "2505"]
[Result "1/2-1/2"]
[PlyCount "42"]
[EventDate "1988.06.18"]

1. d4 Nf6 2. Nf3 d5 3. c4 c6 4. Nc3 dxc4 5. a4 Bf5 6. e3 e6 7. Bxc4 Nbd7 8. O-O
Bb4 9. Nh4 O-O 10. Nxf5 exf5 11. f3 Qe7 12. Qc2 g6 13. a5 Rad8 14. Kh1 Nh5 15.
Qf2 Ndf6 16. e4 f4 17. g4 fxg3 18. hxg3 Qd7 19. Ne2 Rfe8 20. Qg2 Ng7 21. g4 Ne6
1/2-1/2

[Event "I Open FIDE"]
[Site "Forli' ITA"]
[Date "1988.06.19"]
[Round "2"]
[White "Belotti, Bruno"]
[Black "Pantaleoni, Claudio"]
[WhiteElo "2340"]
[BlackElo "2235"]
[Result "1/2-1/2"]
[PlyCount "128"]
[EventDate "1988.06.18"]

1. d4 Nf6 2. Nf3 g6 3. Bg5 Bg7 4. Nbd2 d5 5. e3 O-O 6. Bd3 c5 7. c3 b6 8. Qe2
Bb7 9. O-O Nbd7 10. Rad1 Qc8 11. Ne5 Nxe5 12. dxe5 Nd7 13. Bxe7 Re8 14. Bh4
Nxe5 15. Bb5 Bc6 16. Bxc6 Qxc6 17. Nf3 Qa4 18. Bg3 Qxa2 19. Bxe5 Bxe5 20. Ra1
Qb3 21. Ra3 Qc4 22. Qxc4 dxc4 23. Rfa1 Re7 24. Kf1 Bf6 25. Ra6 Kg7 26. Rxb6
axb6 27. Rxa8 Rb7 28. e4 b5 29. e5 Be7 30. Nd2 f6 31. f4 fxe5 32. fxe5 Kf7 33.
Ra6 b4 34. Nxc4 bxc3 35. bxc3 Rb3 36. e6+ Kf6 37. Nd2 Rb2 38. Ke2 Ke5 39. Kd3
Kd5 40. Nc4 Rb1 41. Ne3+ Ke5 42. Ng4+ Kf5 43. Nh6+ Ke5 44. Ng4+ Kf5 45. Nh6+
Ke5 46. Ng8 Bd6 47. e7 Rb8 48. Ra2 Ke6 49. Re2+ Kf7 50. Nh6+ Ke8 51. Kc4 Kd7
52. e8=Q+ Rxe8 53. Rxe8 Kxe8 54. h3 Be5 55. Ng4 Bg7 56. Nf2 Kd7 57. Ne4 Kc6 58.
Ng5 h6 59. Ne6 Bf6 60. Nf4 g5 61. Nd5 Bd8 62. g4 Kd6 63. Ne3 Ke5 64. Kxc5 Kf4
1/2-1/2

[Event "I Open FIDE"]
[Site "Forli' ITA"]
[Date "1988.06.19"]
[Round "2"]
[White "De Eccher, Stefano"]
[Black "Topalov, Veselin"]
[WhiteElo "2290"]
[BlackElo "2300"]
[Result "0-1"]
[PlyCount "134"]
[EventDate "1988.06.18"]

1. c4 e5 2. g3 g6 3. Bg2 Bg7 4. Nc3 Nc6 5. d3 Nf6 6. e4 d6 7. Nge2 Nd7 8. O-O
Nc5 9. Rb1 a5 10. f4 Nd4 11. b3 exf4 12. gxf4 f5 13. Be3 Nxe2+ 14. Nxe2 fxe4
15. dxe4 O-O 16. Qd2 Qe7 17. Rbd1 Kh8 18. Nc3 Bg4 19. Rde1 Rae8 20. Kh1 Qh4 21.
e5 Rd8 22. Bf2 Qh5 23. Qe3 Ne6 24. Nd5 g5 25. Bg3 gxf4 26. Nxf4 Nxf4 27. Bxf4
dxe5 28. Bxe5 Rxf1+ 29. Bxf1 Bf3+ 30. Kg1 Qg4+ 31. Kf2 Rf8 32. Bxg7+ Qxg7 33.
Qxf3 Qb2+ 34. Re2 Rxf3+ 35. Kxf3 Qf6+ 36. Kg2 a4 37. bxa4 Kg7 38. Kg1 Qb6+ 39.
Rf2 Qb4 40. Kg2 Qxa4 41. Kg1 Qa3 42. Bg2 Qc1+ 43. Bf1 h5 44. Kg2 h4 45. Rf3
Qb2+ 46. Rf2 Qa3 47. Kg1 Kg6 48. Be2 Kg5 49. Bf1 b6 50. Bg2 Qc1+ 51. Bf1 Qe3
52. Kg2 c6 53. Be2 h3+ 54. Kg1 Kh4 55. Bf1 b5 56. cxb5 cxb5 57. Be2 Qg5+ 58.
Kh1 b4 59. Bf1 Qc1 60. Kg1 Qe3 61. Ba6 Qg5+ 62. Kh1 Qd5+ 63. Kg1 Qg8+ 64. Kf1
Qg6 65. Bb7 Qb1+ 66. Ke2 Qxa2+ 67. Ke3 Qa7+ 0-1

[Event "I Open FIDE"]
[Site "Forli' ITA"]
[Date "1988.06.19"]
[Round "2"]
[White "Forintos, Gyozo Victor"]
[Black "Passerotti, Pierluigi"]
[WhiteElo "2345"]
[BlackElo "2350"]
[Result "1-0"]
[PlyCount "137"]
[EventDate "1988.06.18"]

1. c4 Nf6 2. g3 c6 3. Nf3 d5 4. Bg2 g6 5. b3 Bg7 6. Bb2 O-O 7. O-O Nbd7 8. Qc2
Re8 9. cxd5 cxd5 10. Ne5 Nxe5 11. Bxe5 Bf5 12. Qb2 Rc8 13. Qd4 Bxb1 14. Raxb1
Qa5 15. Bh3 Rc2 16. Rb2 Rxb2 17. Qxb2 Rd8 18. Bc3 Qb5 19. e3 Ne8 20. Bxg7 Nxg7
21. Qa3 e6 22. Qxa7 Rc8 23. Qa3 Qc6 24. Qb4 Ne8 25. Ra1 Nd6 26. Bf1 Ne4 27. Bd3
Qc5 28. Qxc5 Rxc5 29. Bxe4 dxe4 30. Kf1 g5 31. h3 Kf8 32. Ke2 Ke7 33. f3 exf3+
34. Kxf3 h5 35. Ke2 g4 36. h4 e5 37. e4 Ke6 38. Kd3 Ra5 39. a4 f5 40. exf5+
Kxf5 41. Rf1+ Ke6 42. Rf8 Rd5+ 43. Ke3 Rd4 44. Re8+ Kf6 45. Rf8+ Kg6 46. Rg8+
Kf6 47. Rg5 Rb4 48. Rxh5 Rxb3+ 49. d3 Ra3 50. Rh6+ Kf5 51. Rh7 Rxa4 52. Rxb7
Ra1 53. Rg7 Ra4 54. Rf7+ Kg6 55. Rf8 Rb4 56. h5+ Kxh5 57. Rf5+ Kg6 58. Rxe5 Rb3
59. Rd5 Kf6 60. Ke4 Rb1 61. Kf4 Rb4+ 62. d4 Ke6 63. Re5+ Kd6 64. Re4 Kd5 65.
Kf5 Rb8 66. Rxg4 Rf8+ 67. Kg5 Rf3 68. Kh4 Rd3 69. Rf4 1-0

[Event "I Open FIDE"]
[Site "Forli' ITA"]
[Date "1988.06.19"]
[Round "2"]
[White "Laco, Giuseppe"]
[Black "Garcia Palermo, Carlos Horacio"]
[WhiteElo "2235"]
[BlackElo "2505"]
[Result "0-1"]
[PlyCount "84"]
[EventDate "1988.06.18"]

1. c4 e5 2. Nc3 Nf6 3. Nf3 Nc6 4. a3 g6 5. b4 d6 6. Bb2 Bg7 7. e3 O-O 8. b5 Na5
9. d4 exd4 10. Nxd4 c5 11. Nf3 Be6 12. Nd5 Nxd5 13. Bxg7 Nxe3 14. fxe3 Kxg7 15.
Rc1 a6 16. a4 axb5 17. axb5 b6 18. e4 Bg4 19. Bd3 Bxf3 20. gxf3 Qh4+ 21. Kf1
Nb7 22. Ra1 Rxa1 23. Qxa1+ Qf6 24. Kf2 Na5 25. Qxf6+ Kxf6 26. Ra1 Ke5 27. Ke3
f5 28. f4+ Kf6 29. exf5 gxf5 30. Kf2 d5 31. cxd5 Rd8 32. Be2 Rxd5 33. Bf3 Rd4
34. Kg3 c4 35. Ra3 Rd3 36. Rxd3 cxd3 37. Kf2 Nc4 38. Bc6 Ke6 39. h3 Kd6 40. Kf3
Kc5 41. Bd7 d2 42. Ke2 Kd4 0-1

[Event "I Open FIDE"]
[Site "Forli' ITA"]
[Date "1988.06.19"]
[Round "2"]
[White "Ljubisavljevic, Zivojin Z."]
[Black "Semkov, Semko"]
[WhiteElo "2365"]
[BlackElo "2470"]
[Result "1-0"]
[PlyCount "57"]
[EventDate "1988.06.18"]

1. c4 e6 2. d4 d5 3. Nc3 c6 4. e3 Bd6 5. f4 Ne7 6. Nf3 Nd7 7. Bd3 f5 8. O-O O-O
9. Bd2 b6 10. Ne5 Bb7 11. cxd5 exd5 12. g4 c5 13. Ne2 Nf6 14. gxf5 c4 15. Bc2
Ne4 16. Bxe4 dxe4 17. Ng3 b5 18. a4 Nxf5 19. Nxf5 Rxf5 20. axb5 Qh4 21. Qe2
Bxe5 22. dxe5 Kh8 23. Bc3 Rff8 24. Qg2 Rf5 25. Rfd1 Qe7 26. Rd6 Rf7 27. Rad1
Bc8 28. e6 Bxe6 29. Qxe4 1-0

[Event "I Open FIDE"]
[Site "Forli' ITA"]
[Date "1988.06.19"]
[Round "2"]
[White "Magalotti, Andrea"]
[Black "Tatai, Stefano"]
[WhiteElo "2205"]
[BlackElo "2380"]
[Result "0-1"]
[PlyCount "102"]
[EventDate "1988.06.18"]

1. d4 Nf6 2. Nf3 e6 3. c4 Bb4+ 4. Bd2 Qe7 5. g3 Nc6 6. a3 Bxd2+ 7. Nbxd2 a5 8.
Bg2 O-O 9. O-O d6 10. e4 a4 11. Re1 e5 12. d5 Nb8 13. Nf1 Nbd7 14. Nh4 g6 15.
Ne3 Nc5 16. f3 Bd7 17. Qe2 c6 18. Rad1 cxd5 19. cxd5 Rfc8 20. Qf2 Nb3 21. Bf1
Rc5 22. Nc4 Rb8 23. Ng2 b5 24. Nce3 b4 25. Nc2 bxa3 26. bxa3 Rc3 27. Re3 Rxe3
28. Ngxe3 Qd8 29. Nb4 Nd4 30. Nc4 Bb5 31. Nb2 Qc7 32. Bxb5 Rxb5 33. Kg2 Nd7 34.
h4 h5 35. N2d3 Qc3 36. Qb2 Qxb2+ 37. Nxb2 Nc2 38. Rc1 Nxb4 39. axb4 Rxb4 40.
Nc4 Nb6 41. Nxb6 Rxb6 42. Rc8+ Kg7 43. Rc6 Rb2+ 44. Kh3 Rf2 45. Rxd6 Rxf3 46.
Ra6 a3 47. d6 Kf6 48. d7+ Ke7 49. Rd6 Kd8 50. Rd5 a2 51. Ra5 Rf2 0-1

[Event "I Open FIDE"]
[Site "Forli' ITA"]
[Date "1988.06.19"]
[Round "2"]
[White "Mantovani, Renzo"]
[Black "Delanoy, Arnaud"]
[WhiteElo "2410"]
[BlackElo "2215"]
[Result "1-0"]
[PlyCount "83"]
[EventDate "1988.06.18"]

1. e4 e6 2. d4 d5 3. Nc3 Bb4 4. e5 c5 5. Qg4 Ne7 6. Nf3 cxd4 7. Nxd4 Qc7 8.
Bb5+ Nbc6 9. O-O O-O 10. Nxc6 Nxc6 11. Bxc6 Bxc3 12. bxc3 bxc6 13. Re1 f6 14.
Bf4 f5 15. Qh4 Bd7 16. Re3 Be8 17. Rg3 Bg6 18. Rg5 Rab8 19. Qg3 Be8 20. Qd3 c5
21. h4 Rb2 22. h5 c4 23. Qd1 Ba4 24. Qc1 Rfb8 25. Rg3 Kh8 26. h6 g6 27. Bg5
Rxc2 28. Qa3 Qd7 29. f4 Kg8 30. Kh2 Rd2 31. Re1 Rbb2 32. Bf6 d4 33. Bg7 Qe8 34.
cxd4 Bc6 35. Rg1 Rxa2 36. Qd6 Bd5 37. Bf6 Qf8 38. Rxg6+ hxg6 39. h7+ Kxh7 40.
Qxf8 Rxg2+ 41. Rxg2 Rxg2+ 42. Kh3 1-0

[Event "I Open FIDE"]
[Site "Forli' ITA"]
[Date "1988.06.19"]
[Round "2"]
[White "Meduna, Eduard"]
[Black "Braga, Fernando Alberto"]
[WhiteElo "2505"]
[BlackElo "2425"]
[Result "0-1"]
[PlyCount "58"]
[EventDate "1988.06.18"]

1. d4 Nf6 2. c4 c5 3. d5 e5 4. Nc3 d6 5. e4 Be7 6. h3 Nbd7 7. Bd3 O-O 8. g4 Ne8
9. Nf3 a6 10. Ne2 g6 11. Ng3 b5 12. b3 Ng7 13. Bd2 bxc4 14. bxc4 Nf6 15. Rb1
Kh8 16. Kf1 Ng8 17. Qc2 Bd7 18. Kg2 Qc8 19. Rb6 f5 20. exf5 gxf5 21. gxf5 Nxf5
22. Nxf5 Bxf5 23. Bxf5 Rxf5 24. Rhb1 Qf8 25. R6b3 Qg7+ 26. Kh1 Qf7 27. Qd1 Rf8
28. Ng1 Rxf2 29. Rb8 Qg6 0-1

[Event "I Open FIDE"]
[Site "Forli' ITA"]
[Date "1988.06.19"]
[Round "2"]
[White "Strikovic, Aleksa"]
[Black "Drei, Andrea"]
[WhiteElo "2450"]
[BlackElo "2235"]
[Result "1-0"]
[PlyCount "29"]
[EventDate "1988.06.18"]

1. e4 c5 2. c3 Nf6 3. e5 Nd5 4. d4 cxd4 5. Nf3 Nc6 6. Bc4 Nb6 7. Bb3 d5 8. exd6
Qxd6 9. Na3 Be6 10. Nb5 Qd7 11. Bxe6 Qxe6+ 12. Be3 Rc8 13. Nfxd4 Nxd4 14. Qxd4
a6 15. Na7 1-0

[Event "I Open FIDE"]
[Site "Forli' ITA"]
[Date "1988.06.19"]
[Round "2"]
[White "Vezzosi, Paolo"]
[Black "Sapi, Laszlo"]
[WhiteElo "2270"]
[BlackElo "2370"]
[Result "1/2-1/2"]
[PlyCount "43"]
[EventDate "1988.06.18"]

1. e4 c5 2. Nf3 d6 3. d4 cxd4 4. Nxd4 Nf6 5. Nc3 g6 6. Bc4 Bg7 7. O-O O-O 8. h3
Nbd7 9. Re1 e6 10. a4 Qc7 11. Ba2 Nc5 12. Bg5 e5 13. Nf3 Be6 14. a5 b5 15. axb6
Qxb6 16. Qd2 Rab8 17. Bxf6 Bxf6 18. Bd5 a5 19. Reb1 Rfc8 20. Qe2 Bd8 21. Nd2
Qa6 22. Bxe6 1/2-1/2

[Event "I Open FIDE"]
[Site "Forli' ITA"]
[Date "1988.06.19"]
[Round "2"]
[White "Wagman, Stuart"]
[Black "Rossi, Carlo"]
[WhiteElo "2230"]
[BlackElo "2285"]
[Result "1/2-1/2"]
[PlyCount "96"]
[EventDate "1988.06.18"]

1. e4 b6 2. d4 Bb7 3. Bd3 e6 4. Nf3 d6 5. O-O Nd7 6. c4 g6 7. Nc3 Bg7 8. b3
Ngf6 9. Bb2 O-O 10. Re1 e5 11. d5 Ne8 12. b4 f5 13. Rc1 Bh6 14. Rc2 a5 15. a3
axb4 16. axb4 Ng7 17. Nd2 Bxd2 18. Qxd2 f4 19. Rcc1 f3 20. g3 h5 21. Ra1 Rb8
22. Bc1 h4 23. Qg5 hxg3 24. hxg3 Rf6 25. Qh4 Qf8 26. Nb5 c6 27. dxc6 Bxc6 28.
c5 bxc5 29. Na7 Bb7 30. Bc4+ d5 31. exd5 Nf5 32. Qg4 Kg7 33. Nc6 Bxc6 34. dxc6
Rxc6 35. b5 Rd6 36. Ra7 Ra8 37. b6 Qb8 38. Rxe5 Rxa7 39. bxa7 Qxa7 40. Bb2 Nxe5
41. Bxe5+ Rf6 42. Qxf3 Qe7 43. Qd5 Nh6 44. Bc3 Kh7 45. Bxf6 Qxf6 46. Qxc5 Nf5
47. Qc7+ Ne7 48. Qd7 Kg7 1/2-1/2

[Event "I Open FIDE"]
[Site "Forli' ITA"]
[Date "1988.06.20"]
[Round "3"]
[White "Braga, Fernando Alberto"]
[Black "Forintos, Gyozo Victor"]
[WhiteElo "2425"]
[BlackElo "2345"]
[Result "1-0"]
[PlyCount "92"]
[EventDate "1988.06.18"]

1. d4 Nf6 2. c4 e6 3. Nf3 c5 4. d5 exd5 5. cxd5 g6 6. Nc3 Bg7 7. Bf4 a6 8. Qd2
d6 9. Qe3+ Kf8 10. a4 h6 11. Nd2 Ng4 12. Qd3 Ne5 13. Qc2 Nbd7 14. e4 Qe7 15.
Be2 g5 16. Be3 Nf6 17. h3 Ng6 18. g3 Ne8 19. Nc4 Rb8 20. a5 Bd7 21. Na4 Nc7 22.
Nxd6 Kg8 23. Bxc5 Qf6 24. Ba7 Qxd6 25. Bxb8 Qb4+ 26. Kf1 Nb5 27. Nc5 Be8 28.
Ra4 Qxb2 29. Qxb2 Bxb2 30. Ra2 Bd4 31. Nxb7 Kh7 32. Bd6 Nc3 33. Rd2 Bg7 34. f3
Nxe2 35. Kxe2 Ne5 36. Bxe5 Bxe5 37. d6 Bd7 38. Kf2 Rc8 39. Rhd1 Bc3 40. Rd5 Bb4
41. Rb1 Rc2+ 42. Ke3 Ba3 43. Kd3 Rf2 44. Nc5 Bxc5 45. Rxc5 Rxf3+ 46. Kd4 Bxh3
1-0

[Event "I Open FIDE"]
[Site "Forli' ITA"]
[Date "1988.06.20"]
[Round "3"]
[White "De Eccher, Stefano"]
[Black "Meduna, Eduard"]
[WhiteElo "2290"]
[BlackElo "2505"]
[Result "0-1"]
[PlyCount "114"]
[EventDate "1988.06.18"]

1. e4 c6 2. d4 d5 3. exd5 cxd5 4. Bd3 Nf6 5. c3 Nc6 6. Bf4 Bg4 7. Qb3 Qc8 8.
Nd2 e6 9. Ngf3 Be7 10. O-O O-O 11. Ne5 Nxe5 12. Bxe5 Bh5 13. a4 a6 14. Rfe1 Qd7
15. a5 Rac8 16. Qc2 Bg6 17. Bxg6 hxg6 18. Bxf6 gxf6 19. Re3 Kg7 20. Qd3 Bd6 21.
Rh3 Rh8 22. Rxh8 Rxh8 23. Nf3 Rc8 24. h3 Rc4 25. Qd1 Qb5 26. Nd2 Rc7 27. Qb3
Qd3 28. Nf3 Kf8 29. Qb6 Ke7 30. Qb3 Kd7 31. Qa4+ Rc6 32. Ne1 Qb5 33. Qxb5 axb5
34. Nc2 e5 35. Kf1 Ke6 36. Ke2 e4 37. Kd2 Ra6 38. b4 Kd7 39. Rf1 Bf4+ 40. Ne3
b6 41. Ra1 Kc6 42. Kc2 Bc7 43. Ng4 f5 44. Ne5+ Bxe5 45. dxe5 bxa5 46. bxa5 Kb7
47. Kb3 Re6 48. Kb4 Ka6 49. Rd1 Rxe5 50. Kc5 f4 51. g3 fxg3 52. fxg3 e3 53. Kd4
e2 54. Re1 f6 55. Kd3 Kxa5 56. h4 f5 57. Kd4 Re8 0-1

[Event "I Open FIDE"]
[Site "Forli' ITA"]
[Date "1988.06.20"]
[Round "3"]
[White "Drei, Andrea"]
[Black "Belotti, Bruno"]
[WhiteElo "2235"]
[BlackElo "2340"]
[Result "1/2-1/2"]
[PlyCount "68"]
[EventDate "1988.06.18"]

1. e4 c6 2. d4 d5 3. Nd2 dxe4 4. Nxe4 Bf5 5. Ng3 Bg6 6. h4 h6 7. Nf3 Nd7 8. h5
Bh7 9. Bd3 Ngf6 10. Bxh7 Nxh7 11. Qe2 e6 12. Bd2 Be7 13. O-O-O O-O 14. Ne4 Ndf6
15. Nxf6+ Nxf6 16. Kb1 Qd5 17. Ne5 Qe4 18. Qxe4 Nxe4 19. Be3 Rfd8 20. g4 c5 21.
f3 cxd4 22. Bxd4 Bc5 23. Bxc5 Nxc5 24. c3 Kf8 25. Kc2 Ke7 26. b4 Nd7 27. Nxd7
Rxd7 28. Rxd7+ Kxd7 29. Rd1+ Ke7 30. Rd4 g6 31. Rc4 Kd6 32. Rf4 Ke7 33. Rc4 Kd6
34. Rd4+ Ke7 1/2-1/2

[Event "I Open FIDE"]
[Site "Forli' ITA"]
[Date "1988.06.20"]
[Round "3"]
[White "Garcia Palermo, Carlos Horacio"]
[Black "Strikovic, Aleksa"]
[WhiteElo "2505"]
[BlackElo "2450"]
[Result "1-0"]
[PlyCount "85"]
[EventDate "1988.06.18"]

1. d4 Nf6 2. c4 g6 3. Nc3 Bg7 4. Bg5 O-O 5. e3 d6 6. Nf3 Nbd7 7. Qc2 c6 8. Rd1
Qc7 9. Be2 e5 10. O-O Re8 11. h3 a6 12. dxe5 dxe5 13. Nd2 Nf8 14. c5 Bf5 15.
Qc1 Qa5 16. e4 Be6 17. Be3 Qc7 18. b4 Rad8 19. a4 Nh5 20. Bxh5 gxh5 21. Ne2 a5
22. bxa5 Qxa5 23. Ng3 Qxa4 24. Nxh5 f6 25. Qc3 Re7 26. Ra1 Qb5 27. Ra3 Red7 28.
Rb1 Rd3 29. Qxd3 Qxd3 30. Rxd3 Rxd3 31. Rxb7 Bh8 32. Rc7 Bd7 33. Nc4 Kf7 34.
Nd6+ Ke7 35. Ra7 Ne6 36. Ng3 Nd4 37. Bxd4 exd4 38. Ngf5+ Ke6 39. Ra8 Rd1+ 40.
Kh2 d3 41. Rxh8 d2 42. Rxh7 Ke5 43. Rxd7 1-0

[Event "I Open FIDE"]
[Site "Forli' ITA"]
[Date "1988.06.20"]
[Round "3"]
[White "Passerotti, Pierluigi"]
[Black "Pantaleoni, Claudio"]
[WhiteElo "2350"]
[BlackElo "2235"]
[Result "1-0"]
[PlyCount "63"]
[EventDate "1988.06.18"]

1. c4 g6 2. e4 Bg7 3. d4 d6 4. Nc3 Nf6 5. Nf3 O-O 6. Be2 e5 7. O-O Nc6 8. d5
Ne7 9. Ne1 Nd7 10. f3 f5 11. g4 Nf6 12. Nd3 c6 13. Be3 Kh8 14. h3 Rf7 15. Qd2
Neg8 16. dxc6 bxc6 17. Nxe5 Rc7 18. Nd3 Re7 19. Nf2 fxe4 20. fxe4 Qc7 21. Bf4
Ne8 22. c5 Be5 23. cxd6 Qxd6 24. Qxd6 Nxd6 25. Bxe5+ Rxe5 26. Rad1 Nb7 27. Bc4
Re7 28. e5 Rxe5 29. Nfe4 Re8 30. Rf7 h6 31. Rc7 Rf8 32. Bf7 1-0